UM Logo

Community-based corrections / (Record no. 11262)

MARC details
000 -LEADER
fixed length control field 00594nam a22001817a 4500
008 - FIXED-LENGTH DATA ELEMENTS--GENERAL INFORMATION
fixed length control field 181024b ||||| |||| 00| 0 eng d
020 ## - INTERNATIONAL STANDARD BOOK NUMBER
International Standard Book Number 978-1-337-68736-2
082 ## - DEWEY DECIMAL CLASSIFICATION NUMBER
Edition number 2019
Classification number DC 364.68
Item number Al121
100 ## - MAIN ENTRY--PERSONAL NAME
Personal name Alarid, Leanne Fiftal.
9 (RLIN) 32432
245 ## - TITLE STATEMENT
Title Community-based corrections /
Statement of responsibility, etc. Leanne Fiftal Alarid.
250 ## - EDITION STATEMENT
Edition statement Twelve Edition
260 ## - PUBLICATION, DISTRIBUTION, ETC. (IMPRINT)
Place of publication, distribution, etc. Australia:
Name of publisher, distributor, etc. Cengage,
Date of publication, distribution, etc. ©2019.
300 ## - PHYSICAL DESCRIPTION
Extent xx, 412 pages:
Other physical details illustrations;
Dimensions 25 cm.
500 ## - GENERAL NOTE
General note Includes glossary, references, and index.
650 ## - SUBJECT ADDED ENTRY--TOPICAL TERM
Topical term or geographic name as entry element Community-based corrections.
9 (RLIN) 32433
365 ## - TRADE PRICE
Price amount 1,095.00
Currency code Php.
942 ## - ADDED ENTRY ELEMENTS (KOHA)
Source of classification or shelving scheme Dewey Decimal Classification
Koha item type Circulation
Holdings
Withdrawn status Lost status Source of classification or shelving scheme Damaged status Not for loan Collection code Home library Current library Date acquired Source of acquisition Cost, normal purchase price Total Checkouts Full call number Barcode Date last seen Copy number Price effective from Koha item type
    Dewey Decimal Classification     Circulation UM Digos College - LIC UM Digos College - LIC 08/29/2018 Purchased 1095.00   DC 364.68 Al121 2019 25253 05/15/2025 1 10/24/2018 Circulation